000 00657nam a2200217Ii 4500
001 8086
003 CO-ViMGA
008 241108s9999||||xx |||||||||||||| ||und||
020 _a9253001291
040 _aCO-ViMGA
_bspa
_erda
_cCO-ViMGA
041 0 _aspa
082 0 4 _a612.3 O68
110 1 _aOrganización mundial de la agricultura y la alimentación,
_953193
245 1 0 _aManual sobre necesidades nutricionales del hombre
264 1 _aRoma, Italia : FAO, 1975
300 _avolumen
336 _atext
_btxt
_2rdacontent
337 _aunmediated
_bn
_2rdamedia
338 _avolume
_bnc
_2rdacarrier
940 _aidficha_siabuc: 7908. -- ficha_no_siabuc:8086
999 _c49676
_d49676